Quizzes
Events
Quiz Creation
Community
Videos
Private Events
Remove Ads
Sign In
Join for FREE
Feedback
Dark Mode
Quiz Categories
Sports
Geography
Music
Movies
Television
Just For Fun
Miscellaneous
History
Literature
Language
Science
Gaming
Entertainment
Religion
Holiday
For Kids
Quiz Lab
Recent
Popular Today
Quiz Kudos Today
Editor Picks
Curator Picks
Quizzes by...
Day
Popularity
Type
Ratings
Length
Year
Community
Subscriptions
Recent Discussions
Orange Saloon
Badges
Playlists
Quests
Create
Leaderboards
Showdown
Live 5
Trivia Bingo
Activity
Puzzle Library
Sporcle Events
Private Events
Virtual Trivia
Globe League
Become a Host
Pub Owners
SporcleCon
Opinionation
Our Games
Videos
Blog
Mobile Apps
Partnerships
Remove Ads and Go Orange
Feedback
Sports
Athletes
MLB
NBA
NHL
NFL
Soccer
Sports Teams
WWE
NCAA
Football
Premier League
Basketball
Baseball
Hockey
Golf
Tennis
Cricket
Rugby
Auto Racing
Olympics
World Cup
Sports
Athletes
MLB
NBA
NHL
NFL
Soccer
Sports Teams
WWE
NCAA
Football
Premier League
Basketball
Baseball
Hockey
Golf
Tennis
Cricket
Rugby
Auto Racing
Olympics
World Cup
Random Quiz
Search Sporcle
×
Quiz Lab
Quiz Lab
Sports
NCAA
Type in answers that appear in a list
Type in answers that appear in a list
Classic
Best Score? Go Orange.
SEC Basketball Most Starts, 2017-2018 Stats
Can you name the five players with the most starts for SEC teams during the 2017-2018 basketball season?
By
acneeley129
20m
72 Questions
51 Plays
51 Plays
51 Plays
Comments
Comments
Give Quiz Kudos
Give Quiz Kudos
-
- Ratings
hide this ad
Replay
Link that replays current quiz
Next Quiz
Link to next quiz in quiz playlist
You Got
0%
They Got
Avg Score
27%
Avg Friend Score
Upgrade to see
Score Distribution
Jump to the score distribution portion of the page
Score
0/72
Timer
20:00
0
Plays Today
Hint
Answer
% Correct
Alabama Crimson Tide
Collin Sexton
82.4%
Tennessee Volunteers
Grant Williams
72.5%
Texas A&M Aggies
Robert Williams
72.5%
Texas A&M Aggies
Tyler Davis
66.7%
Ole Miss Rebels
Terence Davis
64.7%
Kentucky Wildcats
Kevin Knox
62.7%
Kentucky Wildcats
PJ Washington
62.7%
Kentucky Wildcats
Hamidou Diallo
56.9%
Auburn Tigers
Bryce Brown
54.9%
Tennessee Volunteers
Admiral Schofield
54.9%
Kentucky Wildcats
Shai Gilgeous-Alexander
52.9%
Kentucky Wildcats
Nick Richards
51%
Alabama Crimson Tide
John Petty
47.1%
Florida Gators
Chris Chiozza
45.1%
Florida Gators
KeVaughn Allen
45.1%
Auburn Tigers
Mustapha Heron
43.1%
LSU Tigers
Tremont Waters
43.1%
Georgia Bulldogs
Yante Maten
41.2%
Arkansas Razorbacks
Daniel Gafford
39.2%
Tennessee Volunteers
Kyle Alexander
39.2%
South Carolina Gamecocks
Chris Silva
37.3%
Auburn Tigers
Jared Harper
35.3%
Florida Gators
Kevarrius Hayes
35.3%
Georgia Bulldogs
William Jackson II
35.3%
Mississippi State Bulldogs
Nick Weatherspoon
35.3%
Mississippi State Bulldogs
Quinndary Weatherspoon
33.3%
Texas A&M Aggies
DJ Hogg
31.4%
Tennessee Volunteers
Jordan Bone
29.4%
Arkansas Razorbacks
Darryl Macon
27.5%
Alabama Crimson Tide
Dazon Ingram
25.5%
Alabama Crimson Tide
Donta Hall
23.5%
Arkansas Razorbacks
Dustin Thomas
23.5%
Missouri Tigers
Kassius Robertson
23.5%
Auburn Tigers
Anfernee McLemore
21.6%
Florida Gators
Keith Stone
21.6%
Texas A&M Aggies
Duane Wilson
21.6%
Hint
Answer
% Correct
Vanderbilt Commodores
Riley LaChance
21.6%
Alabama Crimson Tide
Braxton Key
19.6%
Arkansas Razorbacks
Jaylen Barford
19.6%
Florida Gators
Egor Koulechov
19.6%
LSU Tigers
Skylar Mays
19.6%
Missouri Tigers
Jeremiah Tilmon
19.6%
Texas A&M Aggies
Admon Gilder
19.6%
South Carolina Gamecocks
Maik Kotsar
17.6%
Tennessee Volunteers
Jordan Bowden
17.6%
Missouri Tigers
Kevin Puryear
15.7%
Arkansas Razorbacks
Anton Beard
13.7%
Auburn Tigers
Desean Murray
13.7%
LSU Tigers
Aaron Epps
13.7%
Mississippi State Bulldogs
Lamar Peters
13.7%
Vanderbilt Commodores
Josh Roberson
13.7%
Vanderbilt Commodores
Saben Lee
13.7%
LSU Tigers
Daryl Edwards
11.8%
Mississippi State Bulldogs
Abdul Ado
11.8%
Missouri Tigers
Jordan Barnett
11.8%
Missouri Tigers
Cullen VanLeer
11.8%
Georgia Bulldogs
Rayshaun Hammonds
9.8%
South Carolina Gamecocks
Frank Booker
9.8%
Alabama Crimson Tide
Daniel Giddens
9.8%
Ole Miss Rebels
Breein Tyree
7.8%
Georgia Bulldogs
Derek Ogbeide
5.9%
Georgia Bulldogs
Juwan Parker
5.9%
LSU Tigers
Duop Reath
5.9%
Mississippi State Bulldogs
Aric Holman
5.9%
Ole Miss Rebels
Marcanvis Hymon
5.9%
Ole Miss Rebels
Bruce Stevens
5.9%
Vanderbilt Commodores
Maxwell Evans
5.9%
Ole Miss Rebels
Markel Crawford
3.9%
South Carolina Gamecocks
Hassani Gravett
3.9%
Vanderbilt Commodores
Ejike Obinna
3.9%
South Carolina Gamecocks
Justin Minaya
2%
South Carolina Gamecocks
Evan Hinson
2%
Quiz Playlist
Details
Report
Send in Message
Add To Playlist
Classic:
Type in answers that appear in a list
Last Updated: Apr 2, 2018
Quiz Scoreboard
CHALLENGE
Sign Up to Join the Scoreboard
Show All
Scores
Hide
Comments
May contain spoilers
Recently Published
Presidents Visiting Landmarks
by Hejman
History
7m
An Introduction to Baseball
by treessimontrees
Sports
5m
Movies - When Are They Set?
by FPL_Elf
Movies
5m
More to Explore
Quiz From the Vault
Featured Blog Post
Where Did the Easter Bunny Come From?
hide this ad
You Might Also Like...
Tags
NCAA Quiz
Kentucky Basketball
NCAA Basketball
NCAA Mens
SEC
SEC Basketball
SEC Schools
Starting 5
Starting Five
Starting Lineups
Today's Top Quizzes in Sports
Browse Sports
hide this ad
Today's Top Quizzes in NCAA
Browse NCAA
Top Contributed Quizzes in Sports
1
Les meilleurs buteurs des matchs entre le PSG et l’OM
2
2022 World Cup Stars
3
FIFA Club World Cup Champions
4
Les entraîneurs de l'OM et du PSG au 21e siècle
5
Name the Premier League winners with different clubs
6
La finale Lions - Afrique du Sud 2021
7
5-to-1: UK Sports Teams
8
England Test cricketers to play under Nasser Hussain
9
Players with Multiple 50 Home Run Seasons
10
AFC Teams Reveal (Wrong Answers Minefield)
Explore More
Trending Topics
Crossword
Disney
Marvel
Harry Potter
Kpop
Anime
NBA
Pokémon
WWE
The Office
Country
Song
NFL
Soccer
Puzzle
hide this ad
More By:
acneeley129
Quiz
Plays
Rating
Category
Featured
Created
2016-2017 Colleges of Every NBA Player (Western Conf.)
1,871
3.17
Sports
Nov 20, 2016
Last 5 Head Coaches - SEC Football
1,527
5.00
Sports
Oct 14, 2017
2016-2017 Colleges of Every NBA Player (Eastern Conf.)
856
3.00
Sports
Nov 20, 2016
2019-2020 Colleges of Every NBA Player (Western Conf)
731
3.43
Sports
Oct 25, 2019
Last 5 Head Coaches - Big Ten Football
702
5.00
Sports
Oct 14, 2017
Go to Creator's Profile
Score Distribution
Quiz Creator Spotlight
acneeley129
Follow
Send a Message
Quizzes Created
-
Created Quiz Play Count
-
More By This Creator
Popular Quizzes Today
1
Find the US States - No Outlines Minefield
2
Find the Countries of Europe - No Outlines Minefield
3
The Countries of the World
4
Find the US States
5
Popular People in 1961
6
US States
7
Risky Map Clicking: Biggest States A-Z
8
1-10 Letter E Words III
More Sports Quizzes
MLB Gold Glove Winners
Published
Trending Quizzes
Risky Map Clicking: Least Populous States A-Z
1-10 Letter G Words
1-10 Letter F Words
One Thing in Common: United Kingdom
Risky Map Clicking: Next State Alphabetically
Recently Updated
Leaping Animals
pecheneg
Reality TV Shows (A-Z)
bhenderson79
Rickey Henderson's Hall of Fame Teammates
pecheneg
Champions League XIs: Arsenal
pecheneg
Quick Pick: Celebrities in WWE's Hall of Fame
aduchscher
A-Z Keypad Blitz II
pecheneg
Multiple Oscar Actors
pecheneg
Mystery Phrase Blitz: Oscar 'Best Actors'
pecheneg
F. Scott Fitzgerald Novels
LTH
Pick 3 Villains
ddd62291
Trending Topics
Kpop
Disney
Anime
Crossword
NBA
Harry Potter
Marvel
Puzzle
Song
Pokémon
NFL
Country
Soccer
The Office
WWE
Your Account Isn't Verified!
In order to create a playlist on Sporcle, you need to verify the email address you used during registration. Go to your
Sporcle Settings
to finish the process.
Report this User
Report this user for behavior that violates our
Community Guidelines
.
Details:
Send Report
Go to the Sporcle.com Mobile Site →
Comments